[Event "CZE-chT2d 0405"]
[Site "Czech Republic"]
[Date "2005.??.??"]
[Round "11"]
[White "Cetkovsky, Petr"]
[Black "Motacek, Vladimir"]
[Result "1/2-1/2"]
[WhiteElo "2140"]
[BlackElo "2060"]
[PlyCount "35"]
[EventDate "2004.10.??"]
[EventType "team"]
[EventRounds "11"]
[EventCountry "CZE"]
[SourceTitle "EXT 2007"]
[Source "ChessBase"]
[SourceDate "2006.11.23"]
[SourceVersion "1"]
[SourceVersionDate "2006.11.23"]
[SourceQuality "1"]

1. Nf3 d6 2. d4 g6 3. g3 Nf6 4. Bg2 c6 5. Nbd2 Bg7 6. 0-0 Bg4 7. h3 Bxf3 8. Bxf3 Nbd7 9. c3 Qc7 10. a4 0-0 11. Qc2 e5 12. dxe5 dxe5 13. b3 Rad8 14. Ba3 Rfe8 15. Rad1 Bf8 16. Bxf8 Rxf8 17. b4 Kg7 18. a5 1/2-1/2

[Event "CZE-chT2d 0304"]
[Site "Czech Republic"]
[Date "2003.??.??"]
[Round "?"]
[White "Cetkovsky, Petr"]
[Black "Vecera, Pavel"]
[Result "1-0"]
[WhiteElo "2130"]
[BlackElo "2150"]
[PlyCount "148"]
[EventDate "2003.??.??"]
[EventType "team"]
[EventRounds "11"]
[EventCountry "CZE"]
[SourceTitle "EXT 2007"]
[Source "ChessBase"]
[SourceDate "2006.11.23"]
[SourceVersion "1"]
[SourceVersionDate "2006.11.23"]
[SourceQuality "1"]

1. Nf3 Nf6 2. g3 e6 3. Bg2 Be7 4. c4 d5 5. 0-0 c5 6. d4 Nc6 7. dxc5 Bxc5 8. Nbd2 0-0 9. Nb3 Bb6 10. c5 Bc7 11. Nbd4 Qe7 12. Nxc6 bxc6 13. b4 a5 14. Ba3 e5 15. Qc2 axb4 16. Bxb4 Ba6 17. Rfb1 Ne4 18. Nd2 f5 19. f3 Nxd2 20. Qxd2 f4 21. e3 fxg3 22. hxg3 Qg5 23. Qf2 Bd3 24. Rb3 Be4 25. Bd2 Qe7 26. Qe2 Bc2 27. Rb2 Ba4 28. Be1 Bb5 29. Qc2 Ra3 30. Rb3 Rfa8 31. Qb2 Rxb3 32. Qxb3 Qxc5 33. a4 Qc4 34. Qxc4 Bxc4 35. a5 Bb6 36. Kf2 Bc5 37. Rb1 Bb5 38. Bf1 Bxe3+ 39. Kxe3 Bxf1 40. Rb7 Bb5 41. Re7 d4+ 42. Ke4 Rd8 43. Rxe5 d3 44. Bd2 Kf7 45. f4 g6 46. g4 Rh8 47. f5 gxf5+ 48. Rxf5+ Ke6 49. Kd4 Rg8 50. Re5+ Kd7 51. g5 Rf8 52. Ke3 Rf1 53. Re4 Rg1 54. Kd4 Rd1 55. Kc3 c5 56. Rh4 Ra1 57. Rxh7+ Kc6 58. Kb2 Ra4 59. g6 Bc4 60. Kc3 Bg8 61. Rh8 Ra3+ 62. Kb2 Ra2+ 63. Kc3 Ra3+ 64. Kb2 Rb3+ 65. Kc1 Rb8 66. Bc3 c4 67. g7 Kd5 68. Rh4 Re8 69. a6 Kc6 70. Rh6+ Kb5 71. a7 Ra8 72. Rh5+ Ka4 73. Ra5+ Kb3 74. Bd4 Rc8 1-0